| 000 | 00626nam a2200241Ia 4500 | ||
|---|---|---|---|
| 003 | OSt | ||
| 005 | 20220928144317.0 | ||
| 006 | a|||||r|||| 00| 0 | ||
| 007 | ta | ||
| 008 | 220927b |||||||| |||| 00| 0 eng d | ||
| 024 | _a64327 | ||
| 037 | _cTextual | ||
| 040 |
_aSDCL _cSDCL _beng |
||
| 041 |
_2eng _aeng |
||
| 082 | _aS:86, M0 | ||
| 100 |
_aKaplan Harold I. _9459536 |
||
| 245 | 0 | _aComprehensive textbook of psychiatry/III | |
| 250 | _a3 | ||
| 260 | _c1981 | ||
| 700 |
_a Freedman Alfred M. _9459535 |
||
| 942 |
_hS:86, M0 _cTEXL _2CC |
||
| 999 |
_c826947 _d826947 |
||